Le Quiz des Champions (la liste): Les Empereurs Romains - Statistiques

Statistiques générales
  • Ce quiz a été pris 61 fois
  • Le résultat moyen est 17 sur 87
Statistiques - réponses
Empereur % Correct
Néron
92%
Claude
84%
Caligula
82%
Trajan
79%
Marc Aurèle
76%
Hadrien
74%
Commode
71%
Titus
71%
Vespasien
68%
Septime Sévère
63%
Domitien
58%
Constantin II
55%
Galba
53%
Nerva
53%
Caracalla
47%
Antonin le Pieux
47%
Othon
47%
Vitellius
42%
Sévère II
32%
Sévère III
32%
Lucius Aurelius Verus
29%
Sévère Alexandre
29%
Geta
26%
Romulus Augustule
24%
Dioclétien
21%
Héliogabale
21%
Macrin
21%
Pertinax
21%
Constance II
18%
Constance III
18%
Julien
18%
Didius Julianus
16%
Théodose II
16%
Flavius Honorius
11%
Galère
11%
Trébonien Galle
11%
Valentinien II
11%
Valentinien III
11%
Aurélien
8%
Diaduménien
8%
Auguste
8%
Maximin II
8%
Valens
8%
Flavius Arcadius
5%
Tibère
5%
Gordien II
5%
Gordien III
5%
Gratien
5%
Julius Nepos
5%
Philippe II
5%
Avitus
3%
Dèce
3%
Emilien
3%
Glycérius
3%
Hostilien
3%
Jovien
3%
Licinus
3%
Majorien
3%
Marcien
3%
Valérien
3%
Anthémius
0%
Balbin
0%
Carin
0%
Carus
0%
Carus
0%
Claude II le Gothique
0%
Constance Chlore
0%
Constant Ier
0%
Constantin Ier
0%
Florien
0%
Gallien
0%
Gordien Ier
0%
Herennius Etruscus
0%
Maxime
0%
Maxime Pupien
0%
Maximien Hercule
0%
Maximin Ier le Thrace
0%
Numérien
0%
Olybrius
0%
Pétrone Maxime
0%
Philippe l'Arabe
0%
Quintillus
0%
Salonin
0%
Tacite
0%
Thédose Ier
0%
Valentinien Ier
0%
Volusien
0%
Aucun quiz correspondant
Distribution des résultats
% des personnes avec chaque résultat
Percentile par nombre de réponses
Votre historique - résultats
Vous n’avez pas pris ce quiz